00811nam a2200229Ii 45000010005000000030009000050080041000140200015000550400033000700410008001030820017001111000034001282450080001622640042002423000012002843360026002963370028003223380027003509400050003779990017004279520137004449225CO-ViMGA241108s9999||||xx |||||||||||||| ||und|| a9582403136 aCO-ViMGAbspaerdacCO-ViMGA0 aspa04a581.986 M66c1 aMaría Dolores Montes95014110aEl cerro frontera abierta:bRecorrido ecológico por el cerro de Usaquén 1aBogotá, Colombia : Santillana, 1996 avolumen atextbtxt2rdacontent aunmediatedbn2rdamedia avolumebnc2rdacarrier aidficha_siabuc: 9020. -- ficha_no_siabuc:9225 c44819d44819 001040708001aMEVIGERRbMEVIGERRcGENd2006-11-27o581.986 M66cpECA9683r2024-11-26 09:17:47tEj.1w2024-11-26yBKz9020 | 12512